Kika TV Programm von früher - Statistiken

Allgemein
  • Dieses Quiz wurde 205 mal gespielt
  • Das Durchschnittsergebnis liegt bei 10 aus 48
Antwortstatistiken
Dienstag 25.02.12 KiKA Programm % Korrekt
21:00 UhrSendeschluss Bernd das Brot
76%
11:00 Uhr logo!
63%
19:50 Uhr logo!
63%
18:50 Uhr Unser Sandmännchen
61%
6:00 Uhr KiKANiNCHEN
55%
6:30 Uhr KiKANiNCHEN
55%
7:19 Uhr KiKANiNCHEN
55%
8:24 Uhr KiKANiNCHEN
55%
9:09 Uhr KiKANiNCHEN
55%
9:14 Uhr KiKANiNCHEN
55%
9:27 Uhr KiKANiNCHEN
55%
10:10 Uhr KiKANiNCHEN
55%
14:10 Uhr Schloss Einstein - Erfurt
45%
18:55 UhrVariierendes Programm Yakari
41%
20:00 Uhr KiKA Live
32%
13:40 Uhr Die Pfefferkörner
27%
18:47 Uhr Baumhaus
26%
18:10 Uhr Die Biene Maja
17%
7:45 Uhr Sesamstraße
17%
6:35 Uhr Feuerwehrmann Sam
16%
20:10 Uhr Die Jungs WG - ohne Eltern in den Schnee
13%
6:20 Uhr Shaun das Schaf
13%
17:50 Uhr Shaun das Schaf
13%
9:35 Uhr Zoes Zauberschrank
10%
6:55 Uhr Die Sendung mit dem Elefanten
7%
19:25 Uhr Dein Song
6%
12:30 Uhr The Garfield Show
6%
17:00 Uhr The Garfield Show
6%
10:15 Uhr Der kleine Rabe Socke
4%
9:15 Uhr ENE MENE BU - und dran bist du
4%
19:00 Uhr Lassie
3%
6:05 Uhr Mascha und der Bär
3%
8:25 Uhr Ben & Holly‘s kleines Königreich
2%
17:25 Uhr Die Schlümpfe
2%
7:20 Uhr Der kleine Drache Kokosnuss
1%
18:45 Uhr Animanimals
0%
8:45 Uhr Beccas Bande - Mit Mut wird alles gut
0%
13:15 Uhr Die Piraten von nebenan
0%
9:30 Uhr Gudrun die Wikingerprinzessin
0%
8:10 Uhr INUI
0%
16:35 Uhr Josefine Törtel und die Tiere
0%
15:50 Uhr Klincus - die fantastische Welt von Frondosa
0%
9:10 Uhr Lenas Hof
0%
11:15 Uhr Mirette ermittelt
0%
15:00 Uhr Mystic - Das gehemnis von Kauri Po
0%
12:55 Uhr Power Players
0%
16:10 Uhr Power Sisters
0%
18:30 Uhr Zacki und die Zoobande
0%
Keine übereinstimmenden Quizze gefunden
Verteilung der Resultate
Anzahl Personen mit jedem Resultat
Perzentil nach korrekt beantworteten Fragen
Ihre Resultats-Entwicklung
Sie haben dieses Quiz noch nicht gespielt